Theory and problems of elements of statistics : (Record no. 5873)

MARC details
000 -LEADER
fixed length control field 00646cam a2200205ua 4500
001 - CONTROL NUMBER
control field 6730
005 - DATE AND TIME OF LATEST TRANSACTION
control field 20260515114109.0
008 - FIXED-LENGTH DATA ELEMENTS--GENERAL INFORMATION
fixed length control field 140305n ii |||gr||||Z||||||eng
020 ## - INTERNATIONAL STANDARD BOOK NUMBER
International Standard Book Number 0-07-060498-3
040 ## - CATALOGING SOURCE
Transcribing agency MAIN
082 ## - DEWEY DECIMAL CLASSIFICATION NUMBER
Classification number 519.5
245 ## - TITLE STATEMENT
Title Theory and problems of elements of statistics :
Remainder of title Descriptive statistics and probability /
Statement of responsibility, etc. By Stephen bernstein .
260 ## - PUBLICATION, DISTRIBUTION, ETC.
Place of publication, distribution, etc. New delhi:
Name of publisher, distributor, etc. Tata McGraw-hill publishing company ltd.,
Date of publication, distribution, etc. 1999.
300 ## - PHYSICAL DESCRIPTION
Extent vii,349p.
653 ## - INDEX TERM--UNCONTROLLED
Uncontrolled term Probabilities & applied mathematics
653 ## - INDEX TERM--UNCONTROLLED
Uncontrolled term Statistics :
700 ## - ADDED ENTRY--PERSONAL NAME
Personal name Bernstein,Stephen,
Relator term Author.,
700 ## - ADDED ENTRY--PERSONAL NAME
Personal name Bernstein,Ruth,
Relator term Author.
942 ## - ADDED ENTRY ELEMENTS (KOHA)
Koha item type Books
Holdings
Withdrawn status Lost status Damaged status Not for loan Home library Current library Shelving location Date acquired Total checkouts Full call number Barcode Date last seen Copy number Price effective from Koha item type
        Naharkatiya College Library Naharkatiya College Library General stacks 09/19/2020   519.5 | BER 17004 09/19/2020 1 09/19/2020 Books